000 00595nam a2200205 a 4500
005 20170905090419.0
008 140314s1995 fr |||||r|||| 00| 0 fre d
040 _aCO-BoIAVH
_cCO-BoIAVH
041 0 _afre
044 _afr
082 0 4 _a519.3
_bG93t
100 1 _aGuerrien, Bernard
_eautor
245 1 3 _aLa théorie des jeux /
_cBernard Guirren
260 _aParís (Francia) :
_bEconomica,
_c1995.
300 _a108 páginas ;
_c20 x 12 cm.
650 2 6 _aEconomía
650 2 6 _aTeoría de los juegos
650 2 6 _aSociología económica
942 _cLIBRO
_2ddc
999 _c4264
_d4264